000 00826nam a2200241 a 4500
001 67412
003 BD-RjUL
005 20211209081643.0
008 170325s1994 flua b 000 0 eng
020 _a1884015166 (pbk. : acidfree paper)
035 _a(BD-RjUL)67543
040 _aDLC
_cDLC
_dBD-RjUL
_beng
041 _aeng
082 0 0 _a634.9
_223
_bMAS 1994
100 1 _aMaser, Chris.
_9199743
245 1 0 _aSustainable forestry :
_bphilosophy, science, and economics /
_cChris Maser.
260 _aBoca Raton, Fla. :
_bSt. Lucie Press,
_cc1994.
300 _axxii, 373 p. :
_bill. ;
_c23 cm.
504 _aIncludes bibliographical references (p. 353-373).
650 0 _aSustainable forestry.
_9174065
856 4 2 _3Publisher description
_uhttp://www.loc.gov/catdir/enhancements/fy0744/94005192-d.html
942 _2ddc
_cBK
999 _c67412
_d67412